| 000 | 01108naa a2200289 c 4500 | ||
|---|---|---|---|
| 001 | 49181 | ||
| 999 |
_c49181 _d49181 |
||
| 003 | ES-MaCES | ||
| 005 | 20251115040003.0 | ||
| 008 | 170411s2016 sp ||||| t||||||| ||spa d | ||
| 040 |
_aES-MaCES _bspa _cES-MaCES _dES-MaCES |
||
| 100 | 1 |
_938011 _aGonzález Bree, Francisco |
|
| 245 | 1 | 3 |
_aLa innovación en nuevos modelos de negocio digitales _cFrancisco González Bree |
| 500 | _aResumen | ||
| 504 | _aBibliografía: p. 424-427 | ||
| 650 | 4 |
_930788 _anuevas tecnologías |
|
| 650 | 4 |
_928236 _acambio tecnológico |
|
| 650 | 4 |
_930016 _acreación de empresa |
|
| 650 | 4 |
_928230 _ainnovación |
|
| 650 | 4 |
_928176 _anegocios |
|
| 650 | 4 |
_aeconomía colaborativa _937923 |
|
| 650 | 4 |
_931575 _acomercio electrónico |
|
| 650 | 4 |
_928907 _atendencia |
|
| 653 | 1 | 0 | _aEmpresa |
| 773 | 0 |
_985766 _dBilbao (Hnos. Aguirre, 2, 48080) [Asociación de Licenciados, Universidad Comercial de Deusto] [ca. 1945]- _o088664 _tBoletín de estudios económicos _w(ES-MaCES)25534 _gvol. 71, n. 219 (dic. 2016) {10529 R. 088664} ;p. 411-427 |
|
| 902 | _aART Artículo de revista | ||
| 942 |
_2CES _cAR _h0.0. |
||